000 00547nam a22001937a 4500
003 KOHA_MİRAKIL
005 20251002164531.0
008 251002b tu ||||| |||| 00| 0 tur d
020 _a9786054603275
040 _aTR-AnABB
_btur
_cTR-AnABB
041 _atur
082 _a813.42
_bGER 2016
100 1 _aGeridönmez, Suzan,
245 1 0 _aHiç adil değil! /
_cSuzan Geridönmez
260 _aİstanbul :
_bGünışığı Kitaplığı,
_c2016
300 _a176 sayfa ;
_c18 cm
650 0 4 _aTürk edebiyatı, roman
942 _2ddc
_cBK
999 _c9054
_d9054
900 _bGizem YORULMAZ